00648nam a2200193Ia 4500008004100000020001300041082001700054100002600071245007000097250000800167260003600175300002800211500001900239600002700258650001500285942000700300952013200307999001500439240925s9999 xx 000 0 und d a70990735 a621.3192 EDM aEdminister, Joseph A. 0aSchaum's Outline Series Theory and Problems of Electric Circuits  a2nd aNew York:bMc Graw HIllc,1983. axxi,422p.bNAfOriginal aIncludes Index aEngineering Technology aTechnology cBK 011040708ETaUITUbUITUd1997-02-06eRoyal Book Companyg387.00l0o621.3192 EDMpQ1037r2024-09-25 07:12:18w2024-09-25yBK c3536d3536